000
00355nam a22001217a 4500
082
_a
ع ل م
100
_a
عالم اسرار
245
_a
معرک دجال اکبر: تفقیر تدبیر اور تعمیل
260
_a
نءی دھلی
_b
پبلشر
_c
۲۰۰۵
300
_a
۱۹۱
500
_a
Donated by Dunish Book Distributors
942
_c
BK
999
_c
11599
_d
11599